Państwa które już nie istnieją - Statystyki

Ogólne statystyki
  • Ten quiz został rozwiązany 90 razy
  • Średni wynik to 8 z 11
Statystyki odpowiedzi
Obrazkowy Odpowiedź % Poprawnych
ZSSR
94%
Austro-Węgry
85%
Szkocja
85%
Jugosławia
80%
Prusy
77%
NRD
72%
Katalonia
69%
RFN
69%
Bawaria
68%
Kurdystan
39%
Czeczenia
18%
Nie znaleziono quizów pasujących do podanych kryteriów
Rozkład punktacji
Procent ludzi z każdym wynikiem
Percentyl według liczby udzielonych odpowiedzi
Twoja historia wyników
Nie rozwiązałeś tego quizu